Manejo poscosecha de cebolla
Saved in:
| Institution som forfatter: | |
|---|---|
| Format: | Bog |
| Sprog: | spansk |
| Udgivet: |
Buenos Aires
Corporación del Mercado Central de Buenos Aires
1999
|
| Udgivelse: | 1a. ed |
| Fag: | |
| Tags: |
Tilføj Tag
Ingen Tags, Vær først til at tagge denne postø!
|
MARC
| LEADER | 00000nam a2200000 a 4500 | ||
|---|---|---|---|
| 001 | UCK1748 | ||
| 003 | CL-VaPUC | ||
| 008 | 041126e19991200AG |||||||||||||||||spa|d | ||
| 082 | 0 | 4 | |a 635.25 |b COR |2 21 |
| 110 | 2 | |a Corporación del Mercado Central de Buenos Aires |e author |9 489603 | |
| 245 | 1 | 0 | |a Manejo poscosecha de cebolla |
| 250 | |a 1a. ed | ||
| 300 | |a 30 p | ||
| 942 | |c BK | ||
| 945 | |d 20041126 00:00:00 |a vberengu | ||
| 260 | |a Buenos Aires |b Corporación del Mercado Central de Buenos Aires |c 1999 | ||
| 650 | 0 | |a Cultivo de hortalizas |9 338094 | |
| 650 | 0 | |a Cebolla (Allium cepa) |9 264165 | |
| 650 | 0 | |a Control de calidad |9 259714 | |
| 583 | |a last modification |c 20041126 00:00:00 |k Rodrigo Vera | ||
| 999 | |c 311561 |d 311559 | ||